000 00743nam a22002292 4500
001 0000020624
005 20151217154441.0
008 110928s xx 000 0 eng d
020 _a1412980043 :
040 _aKABU
_cKABU
100 1 _aBallantine, Jeanne H.
_@0000158970
245 1 0 _aOur social world :
_bintroduction to sociology /
_cJeanne H. Ballantine, Keith A. Roberts.
250 _a3rd ed.
260 _aLos Angeles :
_bSAGE,
_c2011.
300 _a1 v. (various pagings) ;
650 0 _aSociology.
_@0000099021
650 0 _aSociology
_xCross-cultural studies.
_@0000181074
700 1 _aRoberts, Keith A.
_@0000181075
852 1 _9p7269.25 KES
908 _a110928
950 _@1
999 _c11375
_d11375